000 01542nem0a2200313 4500
001 RU\NLR\BIBL_A\016215118
005 20250624235003.0
035 _a(NLR Aleph) 016215118
090 _a12719808
_c12719808
100 _a20221122d1910 |||y0rusy50 ca
101 0 _arus
102 _aRU
120 _aayy xx||
123 0 _aа
200 1 _a[Атлантида]
_bКарты
206 _a[Б. м-ба]
210 _a[Санкт-Петербург
_d1910]
215 _a4 к. (4 л.)
_c1 цв.
_d23х31 см
300 _aКарты: №1. Атлантида во времена расцвета; №2. Атлантида во времена упадка; №3. Рута и Даитья; №4. Посейдонис
300 _aИз изд.: История Атлантиды / The Story of Atlantis (1896 г.; 2-е изд. 1909 г.) / перевод на рус. яз. Н. Дмитриевой // Вестник теософии. - Санкт-Петербург, 1910
509 0 1 _7ca
_aАтлантида,
_hмифический остров-государство
_92639479
_3RU\NLR\AUTH\5508507
606 1 _aВымышленные территории
_jКарты
_92178512
_3RU\NLR\auth_crt\66350
607 _aАтлантида
_jКарты
_91039652
_3RU\NLR\AUTH\6682211
608 _aЭтнографические карты
_91411600
_3RU\NLR\AUTH\66283176
702 1 _aСкотт-Эллиот
_bУ.
_f1849-1919
_gУильям
_4060
852 _aNLR
_bК
_j3-Мир 6/716
_m90096
942 _cMAP
980 _aNB